[Event "SWE-chT 2223 Elite"]
[Site "Sweden"]
[Date "2023.03.11"]
[Round "8.1"]
[White "Jepson, Christian"]
[Black "Jaderberg, Bjorn"]
[Result "1/2-1/2"]
[WhiteElo "2401"]
[BlackElo "2151"]
[PlyCount "80"]
[EventDate "2022.10.14"]
[EventType "team-tourn"]
[EventRounds "9"]
[EventCountry "SWE"]
[SourceTitle "CBM 213 Extra"]
[Source "ChessBase"]
[SourceDate "2023.05.31"]
[SourceVersion "1"]
[SourceVersionDate "2023.05.31"]
[SourceQuality "1"]
[WhiteTeam "Limhamn"]
[BlackTeam "Farsta"]
[WhiteTeamCountry "SWE"]
[BlackTeamCountry "SWE"]

1. d4 d6 2. Nf3 Nf6 3. c4 Nbd7 4. Nc3 e5 5. e4 Be7 6. Be2 0-0 7. 0-0 c6 8. Re1 a6 9. Bf1 Qc7 10. d5 cxd5 11. cxd5 b5 12. a3 Nb6 13. Bg5 h6 14. Bh4 Bg4 15. Rc1 Qd7 16. Bg3 Nh5 17. Be2 Nxg3 18. hxg3 f5 19. Nh2 Bxe2 20. Qxe2 fxe4 21. Qxe4 Rac8 22. Na2 a5 23. Nf3 Rc4 24. Rxc4 Nxc4 25. Re2 Bd8 26. a4 Nb6 27. axb5 Qxb5 28. Nc3 Qd7 29. b3 Qf7 30. Ra2 Nd7 31. b4 Nf6 32. Qc4 axb4 33. Qxb4 Nxd5 34. Nxd5 Qxd5 35. Rd2 Qc5 36. Qxc5 dxc5 37. Nxe5 Ba5 38. Rc2 Rc8 39. Kf1 Bb4 40. f4 Ra8 1/2-1/2

[Event "SWE-chT 1819 Elite"]
[Site "Sweden"]
[Date "2019.03.29"]
[Round "7.5"]
[White "Mardell, Jonas"]
[Black "Jaderberg, Bjorn"]
[Result "0-1"]
[WhiteElo "2043"]
[BlackElo "2143"]
[PlyCount "90"]
[EventDate "2018.11.09"]
[EventType "team-tourn"]
[EventRounds "9"]
[EventCountry "SWE"]
[SourceTitle "CBM 189 Extra"]
[Source "ChessBase"]
[SourceDate "2019.06.03"]
[SourceVersion "1"]
[SourceVersionDate "2019.06.03"]
[SourceQuality "1"]
[WhiteTeam "Umea Rockaden"]
[BlackTeam "Farsta"]
[WhiteTeamCountry "SWE"]
[BlackTeamCountry "SWE"]

1. e4 e6 2. d4 d5 3. exd5 exd5 4. Bd3 Nf6 5. h3 Bd6 6. Qf3 Nc6 7. c3 h6 8. Be3 Be6 9. Nd2 Ne7 10. Ne2 Qd7 11. Nf4 Bf5 12. g4 Bxd3 13. Nxd3 Qb5 14. Qe2 a5 15. a4 Qa6 16. Ne5 Nd7 17. Qxa6 Rxa6 18. f4 f6 19. Nxd7 Kxd7 20. f5 h5 21. 0-0-0 Raa8 22. Kc2 Rh7 23. Nb3 b6 24. Nc1 Rah8 25. Rhg1 hxg4 26. hxg4 Rh3 27. Rde1 Rf3 28. Re2 Rhh3 29. Bd2 c5 30. Nb3 Nc6 31. g5 c4 32. Nc1 Rxf5 33. gxf6 gxf6 34. Rg7+ Ne7 35. b4 cxb3+ 36. Nxb3 Rff3 37. Nc1 Rfg3 38. Rf7 f5 39. Bf4 Rxc3+ 40. Kb2 Ba3+ 41. Ka2 Ke8 42. Rxf5 Bxc1 43. Bxc1 Rxc1 44. Rxd5 Rc2+ 45. Rxc2 Nxd5 0-1

[Event "SWE-chT 1617"]
[Site "Sweden"]
[Date "2016.10.14"]
[Round "1.3"]
[White "Jogstad, Martin"]
[Black "Jaderberg, Bjorn"]
[Result "1-0"]
[WhiteElo "2298"]
[BlackElo "2165"]
[PlyCount "61"]
[EventDate "2016.10.14"]
[EventType "team-tourn"]
[EventRounds "9"]
[EventCountry "SWE"]
[SourceTitle "EXT 2017"]
[Source "ChessBase"]
[SourceDate "2016.10.25"]
[SourceVersion "1"]
[SourceVersionDate "2016.10.25"]
[SourceQuality "1"]
[WhiteTeam "Lunds"]
[BlackTeam "Farsta"]
[WhiteTeamCountry "SWE"]
[BlackTeamCountry "SWE"]

1. c4 e6 2. Nf3 f5 3. g3 Nf6 4. Bg2 d5 5. 0-0 c6 6. b3 Bd6 7. Ba3 0-0 8. d4 a5 9. Ne5 Na6 10. Bxd6 Qxd6 11. Nc3 Nd7 12. cxd5 exd5 13. Nd3 Nc7 14. Rc1 Ne6 15. e3 Nf6 16. Na4 Ne4 17. Nac5 N6xc5 18. Nxc5 b6 19. Na4 Rb8 20. Qe2 Bd7 21. Rc2 Rf6 22. Rfc1 Be8 23. Nb2 Ra8 24. Nd3 Rh6 25. Ne5 c5 26. f3 Nf6 27. Nd3 cxd4 28. exd4 Rd8 29. Rc8 Bb5 30. Rxd8+ Qxd8 31. Qe6+ 1-0

[Event "SWE-chT 1516"]
[Site "Sweden"]
[Date "2016.03.18"]
[Round "7.4"]
[White "Penalver, Osmani"]
[Black "Jaderberg, Bjorn"]
[Result "0-1"]
[WhiteElo "2266"]
[BlackElo "2130"]
[PlyCount "108"]
[EventDate "2015.11.06"]
[EventType "team-tourn"]
[EventRounds "9"]
[EventCountry "SWE"]
[SourceTitle "EXT 2017"]
[Source "ChessBase"]
[SourceDate "2016.10.25"]
[SourceVersion "1"]
[SourceVersionDate "2016.10.25"]
[SourceQuality "1"]
[WhiteTeam "Limhamn"]
[BlackTeam "Farsta"]
[WhiteTeamCountry "SWE"]
[BlackTeamCountry "SWE"]

1. d4 e6 2. c4 f5 3. Nf3 Nf6 4. g3 d5 5. Bg2 Bd6 6. 0-0 c6 7. b3 Qe7 8. Bb2 b6 9. Qc2 0-0 10. Ne5 Bb7 11. cxd5 cxd5 12. Rc1 Na6 13. Nc3 Rfc8 14. Qd2 Ne4 15. Nxe4 dxe4 16. Rxc8+ Rxc8 17. Rc1 Rxc1+ 18. Qxc1 Qc7 19. Nc4 Be7 20. f3 exf3 21. Qe3 Bd5 22. exf3 Nb4 23. a3 Nc6 24. f4 Qd7 25. Bf1 Bf6 26. Ne5 Nxe5 27. fxe5 Be7 28. Bg2 Bxg2 29. Kxg2 Qc6+ 30. Kg1 Qc2 31. Bc1 b5 32. b4 Bd8 33. Qd2 Qc4 34. Bb2 Bb6 35. Qc3 Qd5 36. Qe3 Kf7 37. h4 h5 38. Kh2 Qc4 39. Qd2 Qf1 40. Bc3 Qf3 41. Bb2 Bd8 42. Bc1 Bb6 43. Bb2 Ke8 44. Bc1 Kd7 45. Bb2 Bd8 46. Bc1 f4 47. gxf4 Bxh4 48. f5 Qxf5 49. Qc3 Qf2+ 50. Kh3 g5 51. Bxg5 Bxg5 52. Qc5 Qf1+ 53. Kg3 h4+ 54. Kg4 Qf5+ 0-1

[Event "SWE-chT 1516"]
[Site "Sweden"]
[Date "2016.01.16"]
[Round "4.3"]
[White "Jaderberg, Bjorn"]
[Black "Nygren, Kim"]
[Result "0-1"]
[WhiteElo "2130"]
[BlackElo "2276"]
[PlyCount "30"]
[EventDate "2015.11.06"]
[EventType "team-tourn"]
[EventRounds "9"]
[EventCountry "SWE"]
[SourceTitle "CBM 170 Extra"]
[Source "ChessBase"]
[SourceDate "2016.02.25"]
[SourceVersion "1"]
[SourceVersionDate "2016.02.25"]
[SourceQuality "1"]
[WhiteTeam "Farsta"]
[BlackTeam "Burgsvik Alva"]
[WhiteTeamCountry "SWE"]
[BlackTeamCountry "SWE"]

1. d4 f5 2. Nc3 Nf6 3. Bg5 d5 4. f3 e6 5. Qd2 c5 6. e3 Nc6 7. Nge2 Be7 8. Bf4 0-0 9. Be5 a6 10. Nf4 b5 11. Be2 Qb6 12. 0-0-0 Qa5 13. b3 c4 14. Bf1 Bd7 15. Kb2 b4 0-1

[Event "SWE-chT 1415 Elite"]
[Site "Sweden"]
[Date "2015.01.31"]
[Round "5"]
[White "Westerberg, Jonathan"]
[Black "Jaderberg, Bjorn"]
[Result "1-0"]
[WhiteElo "2411"]
[BlackElo "2133"]
[PlyCount "87"]
[EventDate "2014.11.21"]
[EventType "team-tourn"]
[EventRounds "9"]
[EventCountry "SWE"]
[SourceTitle "EXT 2016"]
[Source "ChessBase"]
[SourceDate "2015.10.08"]
[SourceVersion "1"]
[SourceVersionDate "2015.10.08"]
[SourceQuality "1"]
[WhiteTeam "Stockholm Viking"]
[BlackTeam "Farsta"]
[WhiteTeamCountry "SWE"]
[BlackTeamCountry "SWE"]

1. e4 e6 2. d4 d5 3. Nc3 dxe4 4. Nxe4 Nd7 5. Nf3 Ngf6 6. Nxf6+ Nxf6 7. Bd3 c5 8. 0-0 cxd4 9. Nxd4 Bd7 10. Qe2 Bc5 11. Nf3 Qc7 12. Ne5 Bc6 13. Nxc6 bxc6 14. Bg5 h6 15. Bxf6 gxf6 16. Rfe1 Kf8 17. Qf3 Bd4 18. c3 Be5 19. Kh1 h5 20. Re2 Rd8 21. Rae1 h4 22. Bc4 Rh6 23. Bxe6 Bxh2 24. Bxf7 h3 25. Bh5 hxg2+ 26. Kxg2 Qf4 27. Re8+ Rxe8 28. Rxe8+ Kg7 29. Re7+ Kf8 30. Re8+ Kg7 31. Qxf4 Bxf4 32. Bf3 c5 33. Re7+ Kg6 34. Rxa7 Rh2+ 35. Kf1 Kf5 36. Ra5 Bd6 37. Ra6 Ke5 38. Ke2 f5 39. a4 Rh8 40. Ra8 Rxa8 41. Bxa8 c4 42. f4+ Ke6 43. Kf3 Be7 44. Bb7 1-0

[Event "SWE-chT2 1213"]
[Site "Sweden"]
[Date "2012.12.01"]
[Round "3"]
[White "Mansson, Peter"]
[Black "Jaderberg, Bjorn"]
[Result "1/2-1/2"]
[WhiteElo "2101"]
[BlackElo "2120"]
[PlyCount "112"]
[EventDate "2012.10.20"]
[EventType "team-tourn"]
[EventRounds "9"]
[EventCountry "SWE"]
[SourceTitle "EXT 2015"]
[Source "ChessBase"]
[SourceDate "2014.11.20"]
[SourceVersion "1"]
[SourceVersionDate "2014.11.20"]
[SourceQuality "1"]
[WhiteTeam "Limhamn II"]
[BlackTeam "Farsta"]
[WhiteTeamCountry "SWE"]
[BlackTeamCountry "SWE"]

1. e4 g6 2. d4 Bg7 3. Nc3 a6 4. Be3 d6 5. Be2 Nd7 6. Nf3 b5 7. a3 Bb7 8. 0-0 Rc8 9. Qd2 c5 10. Rfe1 Qc7 11. Rad1 Ngf6 12. e5 dxe5 13. dxe5 Ng4 14. Bf4 Ngxe5 15. Nxb5 axb5 16. Bxb5 0-0 17. Bxd7 Bxf3 18. Bxe5 Bxe5 19. gxf3 Bxh2+ 20. Kg2 Bf4 21. Qe2 Rb8 22. b3 e6 23. Bb5 Rfd8 24. Bc4 Rb6 25. Qe4 e5 26. Rxd8+ Qxd8 27. Qd5 Qg5+ 28. Kf1 Rf6 29. Ke2 Bc1 30. a4 Bb2 31. Qxc5 Kg7 32. Qe3 Qg2 33. c3 e4 34. fxe4 h5 35. Bd5 Qh2 36. e5 Rf5 37. Rh1 Qxe5 38. Qxe5+ Rxe5+ 39. Kd3 Rxd5+ 40. Kc2 Bxc3 41. Kxc3 Rf5 42. Ra1 h4 43. a5 h3 44. b4 h2 45. a6 Rf3+ 46. Kc4 Ra3 47. Rh1 Rxa6 48. Rxh2 Ra2 49. b5 Kf6 50. Kd5 Ke7 51. Kc6 g5 52. b6 g4 53. b7 Rc2+ 54. Kd5 Rb2 55. Kc6 Rc2+ 56. Kd5 Rb2 1/2-1/2

[Event "SWE-chT 1011"]
[Site "Sweden"]
[Date "2010.10.08"]
[Round "1.6"]
[White "Malesevic, Nedeljko"]
[Black "Jaderberg, Bjorn"]
[Result "1-0"]
[WhiteElo "2290"]
[BlackElo "2095"]
[PlyCount "99"]
[EventDate "2010.10.08"]
[EventType "team-tourn"]
[EventRounds "11"]
[EventCountry "SWE"]
[SourceTitle "CBM 138 Extra"]
[Source "ChessBase"]
[SourceDate "2010.10.29"]
[SourceVersion "1"]
[SourceVersionDate "2010.10.29"]
[SourceQuality "1"]
[WhiteTeam "Eksjo"]
[BlackTeam "Farsta"]
[WhiteTeamCountry "SWE"]
[BlackTeamCountry "SWE"]

1. d4 Nf6 2. c4 e6 3. Nf3 b6 4. g3 Ba6 5. Qa4 Bb7 6. Bg2 c5 7. 0-0 cxd4 8. Nxd4 Bxg2 9. Kxg2 Bc5 10. Rd1 Qc8 11. f3 Bxd4 12. Rxd4 Qc5 13. Rd3 Nc6 14. Na3 Ne5 15. Be3 Qc6 16. Qxc6 dxc6 17. Rd2 Ned7 18. Rad1 h6 19. Nc2 Rc8 20. Nd4 Ke7 21. g4 Nb8 22. Bf4 Nfd7 23. e4 g6 24. e5 a5 25. Ne2 Nc5 26. Nc3 Rc7 27. Be3 Nbd7 28. f4 Rg8 29. Kf3 a4 30. Bxc5+ Nxc5 31. Ne4 Nxe4 32. Kxe4 a3 33. bxa3 Ra8 34. Rb1 Ra4 35. Rb4 Rxa3 36. Rxb6 Rc3 37. Kd4 Rf3 38. Kc5 Rxf4 39. a4 Re4 40. Rb8 Ra7 41. Ra2 Ra5+ 42. Kb6 Rexe5 43. Rb7+ Ke8 44. Kxc6 Ra6+ 45. Rb6 Ra8 46. Rb5 Re4 47. Kb7 Rd8 48. c5 Rd7+ 49. Kb6 Kd8 50. a5 1-0

[Event "SWE-chT 0910"]
[Site "Sweden"]
[Date "2009.11.14"]
[Round "4"]
[White "Jaderberg, Bjorn"]
[Black "Bejtovic, Jasmin"]
[Result "0-1"]
[WhiteElo "2091"]
[BlackElo "2332"]
[PlyCount "84"]
[EventDate "2009.10.16"]
[EventType "team"]
[EventRounds "11"]
[EventCountry "SWE"]
[SourceTitle "EXT 2011"]
[Source "ChessBase"]
[SourceDate "2010.11.26"]
[SourceVersion "1"]
[SourceVersionDate "2010.11.26"]
[SourceQuality "1"]
[WhiteTeam "Farsta"]
[BlackTeam "Lunds"]
[WhiteTeamCountry "SWE"]
[BlackTeamCountry "SWE"]

1. c4 Nf6 2. Nc3 g6 3. g3 Bg7 4. Bg2 0-0 5. Nf3 d6 6. d4 Nbd7 7. 0-0 e5 8. Qc2 Re8 9. dxe5 dxe5 10. Rd1 c6 11. Ng5 Qc7 12. Nge4 Nxe4 13. Nxe4 Nf8 14. Bh6 Bf5 15. Bxg7 Kxg7 16. Qc3 Bxe4 17. Bxe4 Ne6 18. e3 Nc5 19. Bf3 a5 20. h4 Qb6 21. Rd2 Qb4 22. Rc1 Qxc3 23. Rxc3 Red8 24. Rxd8 Rxd8 25. Rc2 f5 26. Be2 Kf6 27. Kg2 h6 28. b3 e4 29. f3 exf3+ 30. Bxf3 Ke5 31. Rb2 g5 32. hxg5 hxg5 33. g4 fxg4 34. Bxg4 Ke4 35. Re2 Rf8 36. Bh5 Kd3 37. Re1 Rf6 38. Bf3 Kc3 39. Rh1 Kb2 40. Rh5 Kxa2 41. Rxg5 Nxb3 42. Rg7 Nc5 0-1

[Event "SWE-chT 0809"]
[Site "Sweden"]
[Date "2009.03.15"]
[Round "11"]
[White "Akesson, Ralf"]
[Black "Jaderberg, Bjorn"]
[Result "1-0"]
[WhiteElo "2511"]
[BlackElo "2226"]
[PlyCount "57"]
[EventDate "2008.10.25"]
[EventType "team-tourn"]
[EventRounds "11"]
[EventCountry "SWE"]
[SourceTitle "EXT 2011"]
[Source "ChessBase"]
[SourceDate "2010.11.26"]
[SourceVersion "1"]
[SourceVersionDate "2010.11.26"]
[SourceQuality "1"]

1. d4 Nf6 2. c4 e5 3. dxe5 Ng4 4. Bf4 Nc6 5. Nf3 Bb4+ 6. Nbd2 Qe7 7. a3 Ngxe5 8. Nxe5 Nxe5 9. e3 Bxd2+ 10. Qxd2 d6 11. Be2 0-0 12. 0-0 b6 13. b4 Ng6 14. Bg3 Bb7 15. c5 dxc5 16. bxc5 Rad8 17. Qb4 f5 18. cxb6 cxb6 19. Qxe7 Nxe7 20. Rfd1 Kf7 21. Bc4+ Kf6 22. Bc7 Rxd1+ 23. Rxd1 Nc8 24. h4 Kg6 25. Rd7 Bc6 26. h5+ Kf6 27. Bd8+ Ke5 28. Rd4 Rxd8 29. f4+ 1-0

[Event "SWE-chT 0809"]
[Site "Sweden"]
[Date "2009.02.28"]
[Round "8"]
[White "Olsson, Linus"]
[Black "Jaderberg, Bjorn"]
[Result "1/2-1/2"]
[WhiteElo "2413"]
[BlackElo "2226"]
[PlyCount "76"]
[EventDate "2008.10.25"]
[EventType "team-tourn"]
[EventRounds "11"]
[EventCountry "SWE"]
[SourceTitle "EXT 2011"]
[Source "ChessBase"]
[SourceDate "2010.11.26"]
[SourceVersion "1"]
[SourceVersionDate "2010.11.26"]
[SourceQuality "1"]

1. d4 Nf6 2. c4 e6 3. g3 d5 4. Bg2 Be7 5. Nf3 0-0 6. 0-0 dxc4 7. Qc2 a6 8. Qxc4 b5 9. Qc2 Bb7 10. Bd2 Nbd7 11. Ba5 Nd5 12. Nbd2 Rc8 13. Nb3 Qe8 14. Nc5 Nxc5 15. dxc5 Nf6 16. Ne5 Bxg2 17. Kxg2 Nd7 18. Nxd7 Qxd7 19. c6 Qd5+ 20. e4 Qh5 21. a3 Bd6 22. f4 f6 23. Rad1 Rf7 24. Rd2 g5 25. f5 exf5 26. Rxf5 Re8 27. Bc3 Be5 28. Bxe5 Rxe5 29. Rd8+ Kg7 30. Rd7 Qg4 31. Rxe5 fxe5 32. Qd3 Qe6 33. Qd5 Kf6 34. Qd1 g4 35. Qd3 Kg6 36. Qd5 Qf6 37. Rxf7 Qxf7 38. Qxe5 Qf3+ 1/2-1/2

[Event "SWE-chT 0809"]
[Site "Sweden"]
[Date "2008.10.25"]
[Round "1"]
[White "Ernst, Thomas"]
[Black "Jaderberg, Bjorn"]
[Result "1-0"]
[WhiteElo "2504"]
[BlackElo "2226"]
[PlyCount "109"]
[EventDate "2008.10.25"]
[EventType "team-tourn"]
[EventRounds "11"]
[EventCountry "SWE"]
[SourceTitle "EXT 2011"]
[Source "ChessBase"]
[SourceDate "2010.11.26"]
[SourceVersion "1"]
[SourceVersionDate "2010.11.26"]
[SourceQuality "1"]

1. e4 d5 2. exd5 Qxd5 3. Nc3 Qa5 4. d4 Nf6 5. Nf3 c6 6. Bc4 Bf5 7. Ne5 e6 8. g4 Be4 9. f3 Bd5 10. Qe2 Nbd7 11. Bd2 Bxc4 12. Nxc4 Qa6 13. Bf4 Nb6 14. Nd6+ Bxd6 15. Qxa6 bxa6 16. Bxd6 Nc4 17. Bc5 Kd7 18. 0-0-0 a5 19. Ne4 Ne3 20. Nxf6+ gxf6 21. Rd3 Nc4 22. Rc3 Nb6 23. Ra3 a4 24. b3 h5 25. bxa4 Rag8 26. a5 Nd5 27. Bxa7 hxg4 28. fxg4 Rxg4 29. Bc5 Nc7 30. a6 Ra8 31. a7 Nb5 32. Rb3 Kc8 33. h4 Nxa7 34. Ra3 Kb7 35. h5 Rg7 36. h6 Rh7 37. c4 Nc8 38. Rxa8 Kxa8 39. Kc2 Kb7 40. a4 Ka6 41. a5 f5 42. Kc3 f6 43. Bb4 Na7 44. Kd3 e5 45. Bc5 Nc8 46. Ke3 Na7 47. Kf3 Nc8 48. Kg3 Na7 49. Rb1 exd4 50. Rb6+ Kxa5 51. Rb1 Ka4 52. Rb4+ Ka5 53. Rb3 Nb5 54. cxb5 Rxh6 55. b6 1-0

[Event "SWE-chT2 0708"]
[Site "Sweden"]
[Date "2008.03.07"]
[Round "7"]
[White "Ziegler, Ari"]
[Black "Jaderberg, Bjorn"]
[Result "1-0"]
[WhiteElo "2419"]
[BlackElo "2242"]
[PlyCount "123"]
[EventDate "2007.10.20"]
[EventType "team"]
[EventRounds "9"]
[EventCountry "SWE"]
[SourceTitle "EXT 2009"]
[Source "ChessBase"]
[SourceDate "2008.11.26"]
[SourceVersion "1"]
[SourceVersionDate "2008.11.26"]
[SourceQuality "1"]
[WhiteTeam "Orgryte"]
[BlackTeam "Farsta"]
[WhiteTeamCountry "SWE"]
[BlackTeamCountry "SWE"]

1. b3 e5 2. Bb2 d6 3. e3 Nf6 4. c4 Nc6 5. d3 g6 6. g3 Bg4 7. Qd2 d5 8. h3 Be6 9. a3 Bg7 10. Ne2 0-0 11. Bg2 Re8 12. 0-0 Qd7 13. Kh2 Rad8 14. Rd1 h5 15. Qc1 dxc4 16. bxc4 Na5 17. Bxe5 Ng4+ 18. hxg4 Bxe5 19. d4 Nb3 20. Qc3 Nxa1 21. Nd2 Bg7 22. gxh5 c5 23. Nf3 Qa4 24. Qxa1 Bxc4 25. Nc3 Qc2 26. Rd2 Qf5 27. hxg6 Qxg6 28. Qc1 cxd4 29. exd4 Qh6+ 30. Kg1 Bxd4 31. Nd1 Be2 32. Nxd4 Rxd4 33. Ne3 Rxd2 34. Qxd2 Qa6 35. Qd4 Qd3 36. Qxa7 b5 37. Qc5 Re6 38. Qc1 Qb3 39. Nf5 Kh7 40. Nd4 Qd3 41. Nxe6 fxe6 42. Qf4 Kg7 43. Be4 Qd1+ 44. Kh2 Qd4 45. Qe3 Qb2 46. Qg5+ Kf8 47. Bg6 Bf3 48. Qf4+ Kg7 49. Qxf3 Kxg6 50. Qe3 Kf7 51. g4 e5 52. Kg3 Kg6 53. Qb6+ Kg7 54. Qc7+ Kg6 55. Qd6+ Kg7 56. g5 Qc3+ 57. Kg2 e4 58. Qh6+ Kf7 59. Qh7+ Kf8 60. Qxe4 Qxa3 61. Qf3+ Qxf3+ 62. Kxf3 1-0

[Event "SWE-chT2 0708"]
[Site "Sweden"]
[Date "2008.02.03"]
[Round "6"]
[White "Fallman, Mikael"]
[Black "Jaderberg, Bjorn"]
[Result "1-0"]
[WhiteElo "2097"]
[BlackElo "2242"]
[PlyCount "81"]
[EventDate "2007.10.20"]
[EventType "team"]
[EventRounds "9"]
[EventCountry "SWE"]
[SourceTitle "EXT 2009"]
[Source "ChessBase"]
[SourceDate "2008.11.26"]
[SourceVersion "1"]
[SourceVersionDate "2008.11.26"]
[SourceQuality "1"]
[WhiteTeam "Upsala II"]
[BlackTeam "Farsta"]
[WhiteTeamCountry "SWE"]
[BlackTeamCountry "SWE"]

1. d4 e6 2. Nf3 b6 3. g3 Bb7 4. Bg2 f5 5. 0-0 Nf6 6. c4 Be7 7. Nc3 0-0 8. Re1 Ne4 9. Qc2 Nc6 10. a3 d5 11. cxd5 exd5 12. Bf4 Bf6 13. e3 Rc8 14. Rad1 Ne7 15. Qb3 Kh8 16. Be5 Qe8 17. Bxf6 Rxf6 18. Ne5 c6 19. Ne2 Ba6 20. f3 Bxe2 21. Rxe2 Nd6 22. Rc1 Ng6 23. f4 Ne4 24. Bxe4 fxe4 25. Rec2 Ne7 26. g4 Rh6 27. Qa2 Rh3 28. Rc3 Rd8 29. Kg2 Rh6 30. b4 Rdd6 31. b5 cxb5 32. Rc7 g5 33. f5 Rh4 34. h3 Rd8 35. Rh1 a5 36. Qc2 Rd6 37. Qf2 Rf6 38. Qg3 h5 39. Rhc1 hxg4 40. hxg4 Rfh6 41. Ng6+ 1-0

[Event "SWE-chT2 0708"]
[Site "Sweden"]
[Date "2008.02.02"]
[Round "6"]
[White "Olofsson, Dan"]
[Black "Jaderberg, Bjorn"]
[Result "1/2-1/2"]
[WhiteElo "2235"]
[BlackElo "2242"]
[PlyCount "111"]
[EventDate "2007.10.20"]
[EventType "team"]
[EventRounds "9"]
[EventCountry "SWE"]
[SourceTitle "EXT 2009"]
[Source "ChessBase"]
[SourceDate "2008.11.26"]
[SourceVersion "1"]
[SourceVersionDate "2008.11.26"]
[SourceQuality "1"]
[WhiteTeam "Stockholm Rockaden II"]
[BlackTeam "Farsta"]
[WhiteTeamCountry "SWE"]
[BlackTeamCountry "SWE"]

1. e4 d5 2. exd5 Qxd5 3. Nc3 Qa5 4. d4 Nf6 5. Nf3 Bg4 6. Be2 Nbd7 7. 0-0 e6 8. Bf4 c6 9. a3 Be7 10. h3 Bh5 11. Qd2 0-0 12. Rfd1 Qd8 13. Bh2 h6 14. Ne5 Bxe2 15. Qxe2 Nb6 16. Ne4 Nxe4 17. Qxe4 Qd5 18. Qe2 Bf6 19. c4 Qd8 20. Ng4 Be7 21. Be5 h5 22. Ne3 g6 23. Rd3 Bf6 24. Bh2 Bg7 25. Rad1 Re8 26. Rb3 Qd7 27. c5 Nd5 28. Nc4 Red8 29. Qc2 Qe7 30. Na5 Rd7 31. Bd6 Qh4 32. Nxb7 Bxd4 33. Bg3 Qf6 34. Nd6 e5 35. Rbd3 a5 36. Qa4 Ra6 37. b4 h4 38. Rf3 Qd8 39. b5 cxb5 40. Qxb5 hxg3 41. Qxa6 gxf2+ 42. Kh2 Ne3 43. Nxf7 Rxf7 44. Qxg6+ Rg7 45. Qe6+ Kh7 46. Rf6 Rxg2+ 47. Kh1 Rg1+ 48. Kh2 Qxf6 49. Qxf6 Rxd1 50. Qf7+ Kh6 51. Qf6+ Kh5 52. Qf3+ Kg6 53. Qg3+ Kh6 54. Qh4+ Kg6 55. Qg3+ Kh6 56. Qh4+ 1/2-1/2

[Event "SWE-chT2 0708"]
[Site "Sweden"]
[Date "2008.01.13"]
[Round "5"]
[White "Malmstig, Erik"]
[Black "Jaderberg, Bjorn"]
[Result "1-0"]
[WhiteElo "2343"]
[BlackElo "2242"]
[PlyCount "63"]
[EventDate "2007.10.20"]
[EventType "team"]
[EventRounds "9"]
[EventCountry "SWE"]
[SourceTitle "EXT 2009"]
[Source "ChessBase"]
[SourceDate "2008.11.26"]
[SourceVersion "1"]
[SourceVersionDate "2008.11.26"]
[SourceQuality "1"]
[WhiteTeam "Umea Rockaden"]
[BlackTeam "Farsta"]
[WhiteTeamCountry "SWE"]
[BlackTeamCountry "SWE"]

1. d4 Nf6 2. Bg5 e6 3. e4 h6 4. Bxf6 Qxf6 5. Qd2 b6 6. Nc3 Bb4 7. a3 Bxc3 8. Qxc3 Nc6 9. Nf3 Bb7 10. Qd2 0-0 11. 0-0-0 d6 12. Be2 e5 13. d5 Ne7 14. g3 Rfd8 15. Qe3 c6 16. c4 Ba6 17. Kb1 Rdc8 18. h4 cxd5 19. cxd5 Bxe2 20. Qxe2 Rc5 21. Ne1 Rac8 22. Nd3 Rc4 23. h5 Kf8 24. Rhf1 Ng8 25. f4 exf4 26. Nxf4 Ke8 27. Ng6 Qg5 28. e5 fxg6 29. exd6+ Ne7 30. Qe6 Rd8 31. dxe7 Qxe7 32. Qxg6+ 1-0

[Event "SWE-chT 0405"]
[Site "Sweden"]
[Date "2005.??.??"]
[Round "7"]
[White "Jaderberg, Bjorn"]
[Black "Couso, Luis"]
[Result "1/2-1/2"]
[WhiteElo "2291"]
[BlackElo "2447"]
[PlyCount "50"]
[EventDate "2004.11.05"]
[EventType "team"]
[EventRounds "11"]
[EventCountry "SWE"]
[SourceTitle "EXT 2006"]
[Source "ChessBase"]
[SourceDate "2005.11.24"]
[SourceVersion "1"]
[SourceVersionDate "2005.11.24"]
[SourceQuality "1"]
[WhiteTeam "Farsta"]
[BlackTeam "Sollentuna"]
[WhiteTeamCountry "SWE"]
[BlackTeamCountry "SWE"]

1. c4 Nf6 2. Nc3 e6 3. e4 c5 4. Nf3 b6 5. Bd3 Bb7 6. 0-0 Nc6 7. Re1 Qb8 8. Bf1 Be7 9. d3 Ng4 10. g3 h5 11. Bf4 Nce5 12. Bg2 f6 13. Nxe5 fxe5 14. Bd2 Qd6 15. Qe2 0-0 16. Rf1 Rae8 17. Rad1 g6 18. h3 Nf6 19. f4 Nh7 20. Nb5 Qb8 21. fxe5 Qxe5 22. Bf4 Qg7 23. Kh2 e5 24. Be3 Rxf1 25. Rxf1 a6 1/2-1/2

[Event "SWE-chT 0304"]
[Site "Sweden"]
[Date "2004.??.??"]
[Round "8"]
[White "Johansson, Gunnar"]
[Black "Jaderberg, Bjorn"]
[Result "1-0"]
[WhiteElo "2258"]
[BlackElo "2298"]
[PlyCount "138"]
[EventDate "2003.10.??"]
[EventType "team"]
[EventRounds "11"]
[EventCountry "SWE"]
[SourceTitle "EXT 2005"]
[Source "ChessBase"]
[SourceDate "2004.11.15"]
[SourceVersion "1"]
[SourceVersionDate "2004.11.15"]
[SourceQuality "1"]
[WhiteTeam "Solna"]
[BlackTeam "Farsta"]
[WhiteTeamCountry "SWE"]
[BlackTeamCountry "SWE"]

1. e4 d5 2. exd5 Qxd5 3. Nc3 Qd6 4. d4 c6 5. Nf3 Nf6 6. g3 Bg4 7. Bg2 e6 8. 0-0 Be7 9. Ne2 0-0 10. c4 h6 11. b3 Qc7 12. Bb2 Nbd7 13. Qd2 Rfd8 14. Qe3 Bf5 15. h3 Ne4 16. Nh2 Ndf6 17. g4 Bg6 18. f4 Nd6 19. Kh1 Qd7 20. Ng3 Bh7 21. Rae1 Bf8 22. Nf3 Qc7 23. Ne5 Re8 24. Re2 Rad8 25. Ref2 Nd7 26. Qc3 Nf6 27. Re2 Nd7 28. a4 a5 29. Qd2 f6 30. Nd3 c5 31. d5 Bxd3 32. Qxd3 exd5 33. Qxd5+ Kh8 34. Rfe1 Nb6 35. Qf3 Qf7 36. Bc3 Rxe2 37. Rxe2 Ra8 38. Qf2 Qc7 39. Qe1 Nd7 40. Nh5 Qb6 41. Qb1 Nxc4 42. Qf5 Nd6 43. Qxd7 Qxb3 44. Re3 Qc2 45. Kh2 Qc1 46. Rd3 c4 47. Bxf6 Ne8 48. Bxg7+ Nxg7 49. Rg3 c3 50. Qf7 c2 51. Qg6 Ne8 52. Be4 Qd2+ 53. Rg2 Qd7 54. Rxc2 Ra6 55. Qf5 Qxf5 56. Bxf5 Rc6 57. Rxc6 bxc6 58. Bd7 Ng7 59. Nxg7 Bxg7 60. Bxc6 Bd4 61. Kg3 Kg7 62. Kf3 Kf6 63. Ke4 Bc3 64. h4 Be1 65. g5+ Kg6 66. Be8+ Kg7 67. h5 hxg5 68. fxg5 Bd2 69. Kf5 Kh7 1-0

[Event "SWE-chT 0304"]
[Site "Sweden"]
[Date "2004.??.??"]
[Round "7"]
[White "Welin, Thomas"]
[Black "Jaderberg, Bjorn"]
[Result "1-0"]
[WhiteElo "2402"]
[BlackElo "2298"]
[PlyCount "91"]
[EventDate "2003.10.??"]
[EventType "team"]
[EventRounds "11"]
[EventCountry "SWE"]
[SourceTitle "EXT 2005"]
[Source "ChessBase"]
[SourceDate "2004.11.15"]
[SourceVersion "1"]
[SourceVersionDate "2004.11.15"]
[SourceQuality "1"]
[WhiteTeam "Sodra"]
[BlackTeam "Farsta"]
[WhiteTeamCountry "SWE"]
[BlackTeamCountry "SWE"]

1. c4 Nf6 2. Nc3 e6 3. Nf3 d5 4. d4 Be7 5. Bf4 c6 6. e3 0-0 7. Qc2 Nbd7 8. h3 Re8 9. a3 b6 10. cxd5 exd5 11. Bd3 Bb7 12. 0-0 Nf8 13. Ne5 Bd6 14. b4 Qe7 15. Rab1 Rac8 16. Qb3 N8d7 17. Nxd7 Nxd7 18. Bxd6 Qxd6 19. e4 dxe4 20. Nxe4 Qf4 21. g3 Qh6 22. h4 Nf8 23. Ng5 Rc7 24. Rbe1 Ree7 25. Qc2 Qh5 26. Be2 Qg6 27. Bd3 Qh5 28. Be2 Qg6 29. Qxg6 Nxg6 30. h5 Nf8 31. Bc4 h6 32. Rxe7 Rxe7 33. Nxf7 Rxf7 34. Re1 Bc8 35. Re7 Be6 36. Rxe6 Nxe6 37. Bxe6 Kf8 38. Bxf7 Kxf7 39. Kf1 Kf6 40. f3 Kg5 41. g4 Kf4 42. Kf2 b5 43. Ke2 Kg3 44. Ke3 Kg2 45. Kf4 Kf2 46. g5 1-0